Normal view
MARC view
- Academic writing.
Entry Topical Term
001 - CONTROL NUMBER
- control field: 4018
003 - CONTROL NUMBER IDENTIFIER
- control field: NUST
005 - DATE AND TIME OF LATEST TRANSACTION
- control field: 20170823124457.0
008 - FIXED-LENGTH DATA ELEMENTS
- fixed length control field: 170823|| aca||aabn | a|a d
040 ## - CATALOGING SOURCE
- Original cataloging agency: NUST
- Transcribing agency: NUST
150 ## - HEADING--TOPICAL TERM
- Topical term or geographic name entry element: Academic writing.
670 ## - SOURCE DATA FOUND
- Source citation: Work cat.: (NUST)0: Osmond, Alex. 4015, Academic writing and grammar for students /, 2013.
